Quiz sur l'Écosse - Statistiques

Statistiques générales
  • Ce quiz a été pris 466 fois
    458 depuis la dernière actualisation
  • Le résultat moyen est 6 sur 20
Statistiques - réponses
Hint Réponse % Correct
Capitale Édimbourg
98%
Nation frontalière Angleterre
95%
Langues officielles Scots | Gaélique écossais | Anglais | Doric
79%
Couleur du drapeau Bleu et blanc
63%
Monnaie Livre sterling
61%
Fuseau horaire +1
49%
Plat national Haggis
44%
Animal emblématique Licorne
33%
Point culminant Ben Nevis
28%
Domaine internet .scot | .uk
20%
Indicatif téléphonique +44
18%
Plus grand lac Loch Lomond
17%
Hauteur de celui-ci 1 345 mètres
5%
Devise (traduction en français) Pour ma défense, que Dieu me défende
3%
IDH 0.925
1%
PIB 166 milliards £
1%
PIB par habitant 30 560 £
1%
Nombre d'habitants 5 454 000
1%
Densité 69 habitants/km²
1%
Superficie 78 772 km²
1%
Aucun quiz correspondant
Distribution des résultats
% des personnes avec chaque résultat
Percentile par nombre de réponses
Votre historique - résultats
Vous n’avez pas pris ce quiz depuis la dernière actualisation